| 000 | 00789nam a2200217 a 4500 | ||
|---|---|---|---|
| 003 | PILC | ||
| 005 | 20150818125129.0 | ||
| 008 | 100719s19uu xx 00 eng d | ||
| 020 | _a9780866121347 | ||
| 050 |
_aHF 5686.H75 _b.Sc348 1996 |
||
| 082 |
_aASF 657.1838 _bSch5 1996 |
||
| 100 |
_aSchmidgall, Raymond S. _93726 |
||
| 245 |
_aBasic financial accounting for the hospitality industry / _cSchmidgall, Raymond S.; Damitio, James W. |
||
| 260 |
_aLansing, Michigan : _bEducational Institute of the American Hotel and Lodging Association, _c1996. |
||
| 300 |
_a513 pages : _billustration ; _c23 cm. |
||
| 500 | _aIncludes index. | ||
| 650 |
_aFinancial Accounting _93437 |
||
| 650 |
_aHospitality industry - _xAccounting _94221 |
||
| 700 |
_aDamitio, James W. _93728 |
||
| 942 |
_2lcc _cBK |
||
| 999 |
_c14234 _d14234 |
||